Strength of Materials (Record no. 6164)

000 -LEADER
fixed length control field 00468nam a22001937a 4500
001 - CONTROL NUMBER
control field 6164
003 - CONTROL NUMBER IDENTIFIER
control field BD-DhUET
008 - FIXED-LENGTH DATA ELEMENTS--GENERAL INFORMATION
fixed length control field 141130b xxu||||| |||| 00| 0 eng d
040 ## - CATALOGING SOURCE
Original cataloging agency DLC
Transcribing agency DLC
Modifying agency BD-DhUET
082 ## - DEWEY DECIMAL CLASSIFICATION NUMBER
Classification number 620.11
Item number KHU/1984
100 ## - MAIN ENTRY--PERSONAL NAME
Personal name Khurmi, R. S.
245 ## - TITLE STATEMENT
Title Strength of Materials
250 ## - EDITION STATEMENT
Edition statement 14th ed.
260 ## - PUBLICATION, DISTRIBUTION, ETC. (IMPRINT)
Place of publication, distribution, etc. New Delhi
Name of publisher, distributor, etc. S. Chand
Date of publication, distribution, etc. 1984
300 ## - PHYSICAL DESCRIPTION
Extent vi, 991 p.
Other physical details ill.
650 #0 - SUBJECT ADDED ENTRY--TOPICAL TERM
Topical term or geographic name as entry element Strength of materials
700 ## - ADDED ENTRY--PERSONAL NAME
Personal name Lal, Jagdish
942 ## - ADDED ENTRY ELEMENTS (KOHA)
Koha item type General Book
Holdings
Date acquired Not for loan Lost status Koha normalized classification for sorting Koha item type Sublocation or collection (holding branch) Koha date last seen Copy number Piece designation (barcode) Shelving location Koha full call number Damaged status Price effective from Withdrawn status Source of classification or shelving scheme Location (home branch)
2014-11-30  620_110000000000000_KHU_1984General BookCentral Library, BUET2014-11-30158300Circulation section620.11/KHU/1984 2014-11-30  Central Library, BUET
2014-12-04  620_110000000000000_KHU_1984General BookCentral Library, BUET2014-12-04258299Circulation section620.11/KHU/1984 2014-12-04  Central Library, BUET
2014-12-04  620_110000000000000_KHU_1984General BookCentral Library, BUET2017-01-25358304Circulation section620.11/KHU/1984 2014-12-04  Central Library, BUET
2014-12-06  620_110000000000000_KHU_1984General BookCentral Library, BUET2014-12-06458293Circulation section620.11/KHU/1984 2014-12-06  Central Library, BUET
2014-12-06  620_110000000000000_KHU_1984General BookCentral Library, BUET2014-12-06539805Circulation section620.11/KHU/1984 2014-12-06  Central Library, BUET
2015-04-30  620_110000000000000_KHU_1984General BookCentral Library, BUET2015-04-30658305Circulation section620.11/KHU/1984 2015-04-30  Central Library, BUET
2015-04-30  620_110000000000000_KHU_1984General BookCentral Library, BUET2015-04-30758303Circulation section620.11/KHU/1984 2015-04-30  Central Library, BUET
2015-06-20  620_110000000000000_KHU_1984Reading ItemCentral Library, BUET2015-06-20858306Reading section620.11/KHU/1984 2015-06-20  Central Library, BUET
2015-06-28  620_110000000000000_KHU_1984Reading ItemCentral Library, BUET2015-06-281158297Reading section620.11/KHU/1984 2015-06-28  Central Library, BUET
2015-06-28  620_110000000000000_KHU_1984Reading ItemCentral Library, BUET2015-06-281058298Reading section620.11/KHU/1984 2015-06-28  Central Library, BUET
2015-06-28  620_110000000000000_KHU_1984Reading ItemCentral Library, BUET2015-06-281158301Reading section620.11/KHU/1984 2015-06-28  Central Library, BUET
2015-06-30  620_110000000000000_KHU_1984Reading ItemCentral Library, BUET2015-06-301258296Reading section620.11/KHU/1984 2015-06-30  Central Library, BUET
2015-06-30  620_110000000000000_KHU_1984Reading ItemCentral Library, BUET2015-06-301358295Reading section620.11/KHU/1984 2015-06-30  Central Library, BUET
2015-07-02  620_110000000000000_KHU_1984Reading ItemCentral Library, BUET2015-07-021458302Reading section620.11/KHU/1984 2015-07-02  Central Library, BUET